[Event "Rilton Cup 50th"]
[Site "Stockholm"]
[Date "2023.01.05"]
[Round "9"]
[White "Sardana, Rishi"]
[Black "Dobrikov, Marco"]
[Result "1-0"]
[WhiteElo "2460"]
[BlackElo "2228"]
[PlyCount "111"]
[EventDate "2022.12.27"]
[EventType "swiss"]
[EventRounds "9"]
[EventCountry "SWE"]
[SourceTitle "CBM 212 Extra"]
[Source "ChessBase"]
[SourceDate "2023.03.31"]
[SourceVersion "1"]
[SourceVersionDate "2023.03.31"]
[SourceQuality "1"]

1. d4 g6 2. e4 Bg7 3. Nf3 d6 4. Bd3 Nf6 5. 0-0 0-0 6. h3 Nc6 7. c3 e5 8. Re1 Re8 9. Nbd2 h6 10. Bc2 Nh7 11. Nf1 Ng5 12. Nxg5 hxg5 13. d5 Nb8 14. Be3 Bf6 15. f3 Kg7 16. g4 Rh8 17. Kg2 Bd7 18. b4 Na6 19. Bd3 Rh4 20. Ng3 Qh8 21. Rh1 Qh7 22. Qd2 Rh8 23. Kf2 Qg8 24. Bf1 Qd8 25. Bxa7 Be7 26. Qc2 Nc5 27. Bxc5 dxc5 28. a3 Qa8 29. Qb2 f5 30. exf5 gxf5 31. gxf5 c4 32. Qe2 Bf6 33. Qe3 Rf4 34. Kg2 b5 35. Qc5 Qc8 36. d6 cxd6 37. Qxc8 Bxc8 38. a4 Bb7 39. Be2 Bd8 40. Ne4 Bxe4 41. fxe4 Rxe4 42. Bg4 Re3 43. Rhd1 Be7 44. axb5 Rxc3 45. f6+ Kxf6 46. Ra7 Rc2+ 47. Kg1 Rf8 48. Rf1+ Kg6 49. Rxe7 Rxf1+ 50. Kxf1 Rb2 51. Re6+ Kf7 52. Rxd6 c3 53. Rc6 Rxb4 54. Be2 e4 55. Kf2 Ke7 56. Ke3 1-0

[Event "Sitges Sunway op 9th"]
[Site "Sitges"]
[Date "2022.12.20"]
[Round "8"]
[White "Sardana, Rishi"]
[Black "Akbas, Umut Ata"]
[Result "1/2-1/2"]
[WhiteElo "2460"]
[BlackElo "2351"]
[PlyCount "152"]
[EventDate "2022.12.12"]
[EventType "swiss"]
[EventRounds "10"]
[EventCountry "ESP"]
[SourceTitle "CBM 211 Extra"]
[Source "ChessBase"]
[SourceDate "2023.01.31"]
[SourceVersion "1"]
[SourceVersionDate "2023.01.31"]
[SourceQuality "1"]

1. e4 e5 2. Nf3 Nc6 3. Bc4 Nf6 4. d3 Bc5 5. 0-0 0-0 6. h3 h6 7. Re1 d6 8. c3 Bb6 9. a4 a6 10. b4 Ne7 11. a5 Ba7 12. Be3 Ng6 13. Nbd2 Re8 14. Qb3 Be6 15. Rad1 Bxe3 16. Rxe3 Qd7 17. Rc1 Nh5 18. Kh2 Bxc4 19. Qxc4 Nhf4 20. Ng1 Rad8 21. g3 d5 22. Qb3 Ne6 23. Ndf3 d4 24. cxd4 Nxd4 25. Nxd4 Qxd4 26. b5 Nf8 27. Rd1 Ne6 28. Nf3 Qd6 29. Rb1 Nc5 30. Qc3 axb5 31. Rxb5 b6 32. Kg2 c6 33. Rb4 bxa5 34. Rc4 Nxd3 35. Rxc6 Qd7 36. Ra6 Nb4 37. Rxa5 Nc6 38. Nxe5 Nxe5 39. Rxe5 Rxe5 40. Qxe5 Qd1 41. Rf3 Qe1 42. Rb3 Qc1 43. h4 Qc4 44. Rc3 Qa4 45. Qf5 Re8 46. Kf3 Qd1+ 47. Kg2 Qd4 48. Re3 Re5 49. Qc8+ Kh7 50. Qc2 f5 51. exf5 Rxe3 52. fxe3 Qxe3 53. Qf2 Qe4+ 54. Qf3 Qc2+ 55. Kh3 Qc4 56. Qf2 Qe4 57. g4 Qd5 58. g5 Qd3+ 59. Kg4 Qe4+ 60. Kg3 Qe5+ 61. Kh3 hxg5 62. hxg5 g6 63. Qh4+ Kg8 64. Qc4+ Kf8 65. Qc8+ Kf7 66. Qd7+ Kg8 67. Qc8+ Kh7 68. Qb7+ Kg8 69. Qa8+ Kh7 70. Qa7+ Kh8 71. Qa8+ Kh7 72. Qb7+ Kg8 73. Qc8+ Kh7 74. Qd7+ Kg8 75. fxg6 Qe3+ 76. Kg4 Qe4+ 1/2-1/2

[Event "Gold Coast op"]
[Site "Gold Coast"]
[Date "2022.06.26"]
[Round "6"]
[White "Sardana, Rishi"]
[Black "Qi, Zhe"]
[Result "1-0"]
[WhiteElo "2464"]
[BlackElo "1845"]
[PlyCount "95"]
[EventDate "2022.06.23"]
[EventType "swiss"]
[EventRounds "9"]
[EventCountry "AUS"]
[SourceTitle "CBM 209 Extra"]
[Source "ChessBase"]
[SourceDate "2022.09.30"]
[SourceVersion "1"]
[SourceVersionDate "2022.09.30"]
[SourceQuality "1"]

1. e4 Nf6 2. e5 Nd5 3. d4 d6 4. c4 Nb6 5. f4 dxe5 6. fxe5 Bf5 7. Nc3 e6 8. Nf3 Bb4 9. a3 Bxc3+ 10. bxc3 c5 11. a4 Nc6 12. Bg5 Qc7 13. Be2 h6 14. Bh4 cxd4 15. cxd4 Nb4 16. Kf2 a5 17. Qb3 g5 18. Bg3 g4 19. Nh4 Bc2 20. Qc3 h5 21. Rhc1 Nxa4 22. Qd2 Bb3 23. Ra3 Nc5 24. dxc5 Qxc5+ 25. Kf1 Rd8 26. Qc3 a4 27. Bf2 Qe7 28. c5 Na2 29. Rxa2 Bxa2 30. Bb5+ Kf8 31. Bxa4 Kg7 32. g3 Bd5 33. Be3 Ra8 34. Bc2 f5 35. exf6+ Qxf6+ 36. Nf5+ Kf7 37. Bd4 Qg5 38. Be3 Qf6 39. Bd4 Qg5 40. Qe3 Bc4+ 41. Kg1 Qxe3+ 42. Nxe3 Rhd8 43. Be5 Be2 44. Bd6 Ra3 45. Kf2 Ba6 46. Rd1 Ra2 47. Rd2 Bb5 48. Bg6+ 1-0

[Event "Gold Coast op"]
[Site "Gold Coast"]
[Date "2022.06.25"]
[Round "4"]
[White "Sardana, Rishi"]
[Black "McClymont, Brodie"]
[Result "1-0"]
[WhiteElo "2464"]
[BlackElo "2424"]
[PlyCount "87"]
[EventDate "2022.06.23"]
[EventType "swiss"]
[EventRounds "9"]
[EventCountry "AUS"]
[SourceTitle "CBM 209 Extra"]
[Source "ChessBase"]
[SourceDate "2022.09.30"]
[SourceVersion "1"]
[SourceVersionDate "2022.09.30"]
[SourceQuality "1"]

1. e4 c5 2. c3 Nf6 3. e5 Nd5 4. Nf3 Nc6 5. Bc4 Nb6 6. Bb3 c4 7. Bc2 Qc7 8. 0-0 Nxe5 9. Nxe5 Qxe5 10. Re1 Qf6 11. a4 d5 12. a5 Nd7 13. d3 cxd3 14. Qxd3 e6 15. Qxd5 Bc5 16. Qd2 0-0 17. b4 Be7 18. Qd3 g6 19. Nd2 Rd8 20. Qg3 Qg7 21. Qc7 Qf8 22. Ne4 f5 23. Ng5 Bd6 24. Qc4 Ne5 25. Qa2 Re8 26. f4 Nf7 27. Nf3 Bd7 28. Bb3 Qg7 29. Bd2 Qf6 30. Re2 Re7 31. Rae1 Rae8 32. c4 b6 33. Qc2 Nd8 34. Bc3 Qf8 35. Qd2 Bc7 36. Qd4 Nf7 37. c5 bxc5 38. bxc5 h6 39. c6 Bxc6 40. Rxe6 Rxe6 41. Rxe6 Rxe6 42. Bxe6 Kh7 43. Bxf7 Bd6 44. Qf6 1-0

[Event "Gold Coast op"]
[Site "Gold Coast"]
[Date "2022.06.24"]
[Round "3"]
[White "Kethro, Michael"]
[Black "Sardana, Rishi"]
[Result "0-1"]
[WhiteElo "2124"]
[BlackElo "2464"]
[PlyCount "76"]
[EventDate "2022.06.23"]
[EventType "swiss"]
[EventRounds "9"]
[EventCountry "AUS"]
[SourceTitle "CBM 209 Extra"]
[Source "ChessBase"]
[SourceDate "2022.09.30"]
[SourceVersion "1"]
[SourceVersionDate "2022.09.30"]
[SourceQuality "1"]

1. d4 d5 2. c4 e6 3. Nf3 a6 4. g3 dxc4 5. Bg2 Nc6 6. 0-0 Rb8 7. e3 b5 8. b3 cxb3 9. axb3 Bb7 10. Qe2 Bd6 11. Bb2 Nf6 12. Rc1 Nb4 13. Nc3 0-0 14. Na2 Nxa2 15. Rxa2 Bb4 16. Bc3 Bxc3 17. Rxc3 Ne4 18. Rc1 b4 19. Qb2 c5 20. dxc5 Nxc5 21. Rxc5 Qd1+ 22. Ne1 Qxe1+ 23. Bf1 Qd1 24. Rc7 Qf3 25. Rxb7 Qxb7 26. Rxa6 Ra8 27. Rd6 Rad8 28. Rd4 Qb8 29. h4 Qe5 30. Qd2 Rxd4 31. exd4 Qd6 32. Bc4 Rd8 33. Kg2 Qb6 34. Qg5 Qxd4 35. Qe7 Qd6 36. Qb7 h5 37. Qb5 g6 38. Qg5 Qc6+ 0-1

[Event "Doeberl Cup 59th"]
[Site "Canberra"]
[Date "2022.04.16"]
[Round "5"]
[White "Sardana, Rishi"]
[Black "Winkelman, Albert"]
[Result "1/2-1/2"]
[WhiteElo "2461"]
[BlackElo "2257"]
[PlyCount "80"]
[EventDate "2022.04.14"]
[EventType "swiss"]
[EventRounds "9"]
[EventCountry "AUS"]
[SourceTitle "CBM 207 Extra"]
[Source "ChessBase"]
[SourceDate "2022.05.31"]
[SourceVersion "1"]
[SourceVersionDate "2022.05.31"]
[SourceQuality "1"]

1. e4 e5 2. Nf3 Nc6 3. Bb5 a6 4. Ba4 Nf6 5. 0-0 Be7 6. d3 b5 7. Bb3 0-0 8. a4 Bb7 9. c3 d5 10. exd5 Nxd5 11. Re1 Bf6 12. h4 Qd7 13. Nbd2 Rad8 14. Ne4 Qg4 15. axb5 axb5 16. Nfg5 Qxd1 17. Rxd1 Be7 18. Be3 h6 19. Nf3 Nxe3 20. fxe3 Kh8 21. g4 f6 22. h5 f5 23. gxf5 Rxf5 24. Kg2 Rdf8 25. Rf1 Nd8 26. Ra7 Bd6 27. Rxb7 Nxb7 28. Be6 Rxh5 29. Bg4 Rhf5 30. Bxf5 Rxf5 31. b4 Rf8 32. Ra1 Kg8 33. Ra6 Re8 34. Nh4 Bf8 35. Rc6 Rc8 36. Ng6 Nd8 37. Ra6 Nf7 38. Rc6 Nd8 39. Ra6 Nf7 40. Rc6 Nd8 1/2-1/2

[Event "Titled Tuesday intern op 06th July"]
[Site "Chess.com INT"]
[Date "2021.07.06"]
[Round "9"]
[White "Sardana, Rishi"]
[Black "Gelman, Alexander"]
[Result "1-0"]
[WhiteElo "2461"]
[BlackElo "2403"]
[PlyCount "43"]
[EventDate "2021.07.06"]
[EventType "swiss (blitz)"]
[EventRounds "11"]
[EventCountry "USA"]
[SourceTitle "EXT 2022"]
[Source "ChessBase"]
[SourceDate "2021.10.06"]
[SourceVersion "1"]
[SourceVersionDate "2021.10.06"]
[SourceQuality "1"]

1. d4 Nf6 2. Nf3 c5 3. d5 e6 4. Nc3 b5 5. dxe6 fxe6 6. Nxb5 d5 7. e3 a6 8. Nc3 Bb7 9. e4 d4 10. e5 Nfd7 11. Nb1 Nc6 12. Bc4 Nb6 13. Bxe6 Qe7 14. Ng5 Nxe5 15. 0-0 h6 16. Re1 hxg5 17. Rxe5 Qf6 18. Qe2 Bd6 19. Rf5 Qh6 20. h3 Kd8 21. Bxg5+ Qxg5 22. Rxg5 1-0

[Event "Titled Tuesday intern op 06th Apr"]
[Site "Chess.com INT"]
[Date "2021.04.06"]
[Round "7"]
[White "Sarana, Alexey"]
[Black "Sardana, Rishi"]
[Result "1-0"]
[WhiteElo "2649"]
[BlackElo "2461"]
[PlyCount "65"]
[EventDate "2021.04.06"]
[EventType "swiss (blitz)"]
[EventRounds "11"]
[EventCountry "USA"]
[SourceTitle "CBM 201 Extra"]
[Source "ChessBase"]
[SourceDate "2021.05.31"]
[SourceVersion "1"]
[SourceVersionDate "2021.05.31"]
[SourceQuality "1"]

1. e4 c5 2. Nf3 Nc6 3. d4 cxd4 4. Nxd4 g6 5. c4 Bg7 6. Be3 Nf6 7. Nc3 0-0 8. Be2 d6 9. Qd2 Bd7 10. 0-0 Nxd4 11. Bxd4 Bc6 12. f3 a5 13. b3 Nd7 14. Be3 Nc5 15. Rab1 Be5 16. Nb5 e6 17. g3 Qe7 18. Rbd1 b6 19. Bg5 f6 20. Bh6 Rfd8 21. f4 Nxe4 22. Qe3 Bb2 23. Rb1 Bxb5 24. cxb5 d5 25. Rxb2 Rac8 26. Qxb6 Rc3 27. Qd4 e5 28. fxe5 fxe5 29. Qd1 Qc5+ 30. Kg2 d4 31. Bc4+ Rxc4 32. bxc4 Qxc4 33. Qf3 1-0